Irregular German Verbs - Statistics

General Stats
  • This quiz has been taken 48 times
  • The average score is 72 of 151
Answer Stats
Hint Answer % Correct
to bake backen backte/buk gebacken
85%
to remain bleiben blieb geblieben
78%
to eat essen gegessen
78%
to begin beginnen begann begonnen
74%
to fall fallen fiel gefallen
74%
to fly fliegen flog geflogen
74%
to go gehen ging gegangen
74%
to give geben gab gegeben
74%
to drive fahren fuhr gefahren
70%
to catch fangen fing gefangen
70%
to find finden fand gefunden
70%
to win gewinnen gewann gewonnen
70%
to recommend empfehlen empfahl empfohlen
67%
to offer bieten bot geboten
67%
to fry braten briet gebraten
67%
to ride reiten ritt geritten
67%
to call rufen rief gerufen
67%
to sleep schlafen schlief geschlafen
67%
to command befehlen befahl befohlen
63%
to flee fliehen floh geflohen
63%
to lift heben hob gehoben
63%
to shoot
schießen schoss geschossen
63%
to see sehen sah gesehen
63%
to suck, to vacuum saugen sog gesogen
63%
to move bewegen bewog bewogen
59%
to climb erklimmen erklomm erklommen
59%
to bite beißen biss gebissen
59%
to rescue bergen barg geborgen
59%
to thrash dreschen drosch gedroschen
59%
to flow fließen floss geflossen
59%
to devour fressen fraß gefressen
59%
to freeze frieren fror gefroren
59%
to come kommen kam gekommen
59%
to smell riechen roch gerochen
59%
to create, to manage schaffen schuf geschaffen
59%
to close schließen schloss geschlossen
59%
to push schieben schob geschoben
59%
to write schreiben schrieb geschrieben
59%
to speak sprechen sprach gesprochen
59%
to expire erlöschen erlosch erloschen
56%
to blow blasen blies geblasen
56%
to bend biegen bog gebogen
56%
to bind binden band gebunden
56%
to fence fechten focht gefochten
56%
to load laden lud geladen
56%
to run, walk laufen lief gelaufen
56%
to read lesen las gelesen
56%
to be successful gelingen gelang gelungen
56%
to hit, strike schlagen schlug geschlagen
56%
to swim schwimmen schwamm geschwommen
56%
to guzzle; to tipple saufen soff gesoffen
56%
to push, get through dringen drang gedrungen
52%
to hold; to stop halten hielt gehalten
52%
to hang hängen hing gehangen
52%
to let lassen ließ gelassen
52%
to enjoy genießen genoss genossen
52%
to guess; to advise raten riet geraten
52%
to rip reißen riss gerissen
52%
to struggle ringen rang gerungen
52%
to shear scheren schor geschoren
52%
to scream, cry schreien schrie geschrien
52%
to sing singen sang gesungen
52%
to consider erwägen erwog erwogen
48%
to bear (give birth) gebären gebar geboren
48%
to pour gießen goss gegossen
48%
to grasp greifen griff gegriffen
48%
to help helfen half geholfen
48%
to lend; to borrow leihen lieh geliehen
48%
to lie (tell a falsehood) lügen log gelogen
48%
to separate scheiden schied geschieden
48%
to shine; to seem scheinen schien geschienen
48%
to be silent schweigen schwieg geschwiegen
48%
to stand stehen stand gestanden
48%
to die sterben starb gestorben
48%
to thrive gedeihen gedieh gediehen
44%
to glide gleiten glitt geglitten
44%
to ferment gären gor gegoren
44%
to be called heißen hieß geheißen
44%
to suffer leiden litt gelitten
44%
to take nehmen nahm genommen
44%
to cut schneiden schnitt geschnitten
44%
to swear schwören schwor geschworen
44%
to steal stehlen stahl gestohlen
44%
to sink sinken sank gesunken
44%
to carry; to wear tragen trug getragen
44%
to meet treffen traf getroffen
44%
to drink trinken trank getrunken
44%
to resemble gleichen glich geglichen
41%
to pertain gelten galt gegolten
41%
to measure messen maß gemessen
41%
to avoid meiden mied gemieden
41%
to milk melken molk gemolken
41%
to praise preisen pries gepriesen
41%
to melt schmelzen schmolz geschmolzen
41%
to stride, step schreiten schritt geschritten
41%
to swell schwellen schwoll geschwollen
41%
to jump springen sprang gesprungen
41%
to climb, mount steigen stieg gestiegen
41%
to forget vergessen vergaß vergessen
41%
to frighten erschrecken erschrak erschrocken
37%
to burst bersten barst geborsten
37%
to dig graben grub gegraben
37%
to slash hauen haute gehauen
37%
to sound; to ring klingen klang geklungen
37%
to pinch kneifen kniff gekniffen
37%
to crawl kriechen kroch gekrochen
37%
genesen to recover genas genesen
37%
to rub reiben rieb gerieben
37%
geschehen to happen geschah geschehen
37%
to sneak schleichen schlich geschlichen
37%
to grind schleifen schliff geschliffen
37%
to throw, fling schmeißen schmiss geschmissen
37%
to scold schelten schalt gescholten
37%
to sit sitzen saß gesessen
37%
to ponder sinnen sann gesonnen
37%
to spit speien spie gespien
37%
to stink stinken stank gestunken
37%
to step treten trat getreten
37%
to grow wachsen wuchs gewachsen
37%
to request bitten bat gebeten
33%
to lie (lie down) liegen lag gelegen
33%
to whistle pfeifen pfiff gepfiffen
33%
to gush quellen quoll gequollen
33%
to trickle rinnen rann geronnen
33%
to loop; to gulp schlingen schlang geschlungen
33%
to disappear schwinden schwand geschwunden
33%
to stab, prick stechen stach gestochen
33%
to quarrel streiten stritt gestritten
33%
to do tun tat getan
33%
to compel, drive treiben trieb getrieben
33%
to deceive trügen trog getrogen
33%
to wash waschen wusch gewaschen
33%
to pull; to move ziehen zog gezogen
33%
to force zwingen zwang gezwungen
33%
to lose verlieren verlor verloren
33%
to forgive verzeihen verzieh verziehen
33%
to wield schwingen schwang geschwungen
30%
to spin; to be crazy spinnen spann gesponnen
30%
to sprout sprießen spross gesprossen
30%
to bump stoßen stieß gestoßen
30%
to cancel, delete streichen strich gestrichen
30%
to indicate weisen wies gewiesen
30%
to weigh wiegen wog gewogen
30%
to overwork schinden schindete geschunden
26%
to yield, give way weichen wich gewichen
26%
to advertise werben warb geworben
26%
to throw werfen warf geworfen
26%
to wring wringen wrang gewrungen
26%
to wind winden wand gewunden
26%
to spoil verderben verdarb verdorben
26%
to fail misslingen misslang misslungen
19%
No matching quizzes found
Score Distribution
Percent of People with Each Score
Percentile by Number Answered
Your Score History
You have not taken this quiz